00750nam a2200253 a 4500001001300000003000900013005001700022008004100039020002300080082001800103100002400121245004300145260004000188300000900228500003500237505001000272650001900282650002200301700002400323902000800347942000700355952011900362999001500481nice12345678IN_TiNIC20260116012309.0050524s1987 jaia grp 000 0 eng  a8170446 c13500a320.0954bSHA aSharma, Jai Prakash aFederal Systems of India and Pakistan. aJaipurbPrintwell Publishers c1987 a160p aincludes index and biblioraphy2 aIndex aPolitics-India aPolitics-Pakistan1 aSharma, Jai Prakash bSRS cBK 001040708StackRoom-aHMIbHMId2007-04-05g135.00l0o320.0954 SHAp012742r2007-04-05v135.00w2005-05-24yBK c6440d6440